Fr. Conceicao Rodrigues College of Engineering

Verilog HDL:A guide to digital design and synthesis (Record no. 33342)

MARC details
000 -LEADER
fixed length control field 00392nam a2200181Ia 4500
082 ## - DEWEY DECIMAL CLASSIFICATION NUMBER
Classification number 5.133
100 ## - MAIN ENTRY--PERSONAL NAME
Personal name Palnitkar/Samir
250 ## - EDITION STATEMENT
Edition statement 2
245 ## - TITLE STATEMENT
Title Verilog HDL:A guide to digital design and synthesis
260 ## - PUBLICATION, DISTRIBUTION, ETC.
Name of publisher, distributor, etc. Pearson Education
Date of publication, distribution, etc. 2003
366 ## - TRADE AVAILABILITY INFORMATION
Publishers's discount category 20
300 ## - PHYSICAL DESCRIPTION
Extent 490
546 ## - LANGUAGE NOTE
Language note ENGLISH
650 ## - SUBJECT ADDED ENTRY--TOPICAL TERM
Topical term or geographic name entry element verilog HDL
654 ## - SUBJECT ADDED ENTRY--FACETED TOPICAL TERMS
Focus term verilog HDL
942 ## - ADDED ENTRY ELEMENTS (KOHA)
Koha item type BOOK
Holdings
Withdrawn status Lost status Damaged status Not for loan Collection Home library Current library Date acquired Source of acquisition Cost, normal purchase price Inventory number Total Checkouts Full call number Barcode Date last seen Date last checked out Cost, replacement price Price effective from Koha item type
        CRC Fr. Agnel's C.Rodrigues College of Engineering AGNEL TECHNICAL COLLEGE LIBRARY 17/03/2023 Shroff Publishers 487.20 01295 dt 02.08.2018 1 5.133 25350 06/11/2024 06/11/2024 609.00   BOOK